000 00999cam a22003137a 4500
003 CHAP
005 20220329134141.0
008 971013s1977 r 00010 d
010 _a16170
011 _a17142
035 _a21225
040 _cCHAP
082 _a632.58
_bH6
100 0 0 _aHolm, Le Roy G.
_955981
245 1 4 _aThe world's worst weeds; distribution and biology
260 _aHonolulu :
_bUniv. Press of Hawaii,
_c1977
300 _a609 p.
_b: ilus. ; mapas
590 _aBATCH-UPD
_b10
_c20130110
_lUCH01
_h1911
590 _aBATCH-UPD
_b10
_c20130410
_lUCH01
_h1238
590 _aBATCH-UPD
_b10
_c20130914
_lUCH01
_h1415
590 _aCONVERSION
_b10
_c20130109
_lUCH01
_h1310
650 1 4 _aFitogeografía.
_941157
650 1 4 _aMalas hierbas.
_969996
650 1 4 _aMalas hierbas
_xIdentificación.
_970020
901 _aBK
942 _cLIBRO
949 _a632.58 H6
_bBC
_cC
_d33724000647889
_eC
_fc.2
_h51920
_i21225
_si
949 _a632.58 H6
_bBC
_cC
_d33724000647905
_eC
_h47132
_i21225
_si
999 _c16170
_d16170